000 00513cam a2200205ua 4500
001 10159
005 20260515114556.0
008 170818n ii |||gr||||Z||||||asm
040 _cMAIN
041 _aasm
082 _a590
100 _aGogoi, Phatick Chandra,
_eAuthor.
245 _aBharatar banaria jantu
_cBy Phatick Chandra Gogoi
250 _a3rd ed.
260 _aGuwahati:
_bPublication board Assam,
_c2003.
300 _a458p.
653 _aAnimals (Zoology)
653 _aWild animals
942 _cBK
999 _c9147
_d9147